Review of political economy

Detalles Bibliográficos
Formato: Electrónico Revista
Lenguaje:inglés
Publicado: London : Carfax
Materias:
Acceso en línea:Full text available from Research Library: 07/01/1997 to 10/31/2000

MARC

LEADER 00000nas a2200000 a 4500
001 ssj0012456
003 WaSeSS
005 20200512172242.0
006 m d
007 cr n
008 020411c19899999enkqr pss 0 0eng c
010 |a  2002238315 
015 |a GBA606961  |2 bnb 
016 7 |a 1476640 -1  |2 DE-600 
022 |a 1465-3982  |l 0953-8259  |y 0953-8259 
035 |a (WaSeSS)ssj0012456 
037 |b Carfax International Publishers, PO Box 25, Abingdon, Oxfordshire, OX14 3UE, UK 
040 |a IUL  |b eng  |c IUL  |d OCLCQ  |d BNG  |d F#A  |d OCLCQ  |d OCLCO  |d OCLCF  |d OCLCO  |d OCLCQ  |d MYG  |d WT2  |d DLC  |d OCLCQ  |d WYU  |d VT2  |d AU@  |d SFB  |d OCLCQ  |d WaSeSS 
042 |a pcc 
050 0 0 |a HB1 
082 0 4 |a 330 
130 0 |a Review of political economy (Online) 
245 1 0 |a Review of political economy  |h [electronic resource]. 
260 |a London :  |b Carfax 
310 |a Quarterly 
362 1 |a Print began with vol. 1, no. 1, published in 1989. 
506 |a License restrictions may limit access. 
538 |a Mode of access: World Wide Web. 
588 0 |a Vol. 11, no. 1 (Jan. 1999); title from introductory page, viewed Apr. 11, 2002. 
588 1 |a Vol. 30, issue 1 (2018) (Taylor & Francis Online viewed July 13, 2018). 
650 0 |a Economics  |v Periodicals. 
650 7 |a Economics.  |2 fast  |0 (OCoLC)fst00902116 
655 0 |a Electronic journals. 
776 0 8 |i Print version:  |t Review of political economy  |x 0953-8259  |w (DLC) 93640889  |w (OCoLC)19769201 
850 |a DLC 
853 2 0 |8 1  |a v.  |b no.  |u 4  |v r  |i (year)  |j (month)  |w q  |x 01  |y pm01,04,07,10 
856 4 0 |z Full text available from Research Library: 07/01/1997 to 10/31/2000  |u https://search.proquest.com/publication/29739 
863 4 1 |8 1.1  |a 11  |b 1  |i 1999  |j 01